1136 1286 1969 1003 1399 1626 1995 1853 1603 1370 1021 1091 1688 1119 1674 1069 1566 1083 1855 1358 1739 1201 1614 1756 1282 1079 1249 1633 1692 1738 1675 1176 1162 1776 1347 1270 1118 1819 1526 1949 1700 1110 1199 1887 1496 1257 1431 1412 1693 1611 1321 1125 1352 1171 1519 1685 1148 1168 1539 1238 1679 1206 1929 1705 1806 1662 1195 1567 1732 1424 1859 1470 1905 1353 1693 1479 1086 1483 1303 1637 1502 1236 1087 1244 1543 1070 1777 1408 1177 1125 1352 1243 1288 1454 1913 1701 1391 1112 1742 BCNSPRNW ULIB Ver.6.0+V

เปลี่ยนเป็นภาษาไทย

Change to English
 แสดงรายละเอียดบรรณานุกรม
  กลับหน้าหลัก

Brief Record : Get Marc (ISO 2709) : E-mail record : QR code < ปิดหน้าต่าง
สารบัญ Review โดย
ทศพร เกษรทอง
ห้องสมุดวิทยาเขตนครสวรรค์
ทศพร เกษรทอง เมื่อ25/พฤษภาคม/2559
บทที่ 1 การเจริญเติบโตและพัฒนาการ
บทที่ 2 การสร้างเสริมภาวะโภชนาการในเด็ก
บทที่ 3 การสร้างเสริมภูมิคุ้มกันโรคในเด็ก
บทที่ 4 อุบัติเหตุและสารพิษในเด็ก
บทที่ 5 แนวคิดที่สำคัญในการพยาบาลผู้ป่วยเด็ก
บทที่ 6 การพยาบาลทารกแรกเกิด
บทที่ 7 การพยาบาลผู้ป่วยเด็กที่มีปัญหาการติดเชื้อ
บทที่ 8 การพยาบาลผู้ป่วยเด็กที่มีปัญหาระบบทางเดินอาหาร

LEADER : 00000nam 2200000uu 4500
001    13399124946
003     ULIB
008    160525s2558||||th 000 0 tha d
020    ^a9786162791260
060  4 ^aWY159^bต367 ล.1
110 1  ^aมหาวิทยาลัยมหิดล. ^bคณะพยาบาลศาสตร์. ^bภาควิชาการพยาบาลกุมารเวชศาสตร์.
245 10 ^aตำราการพยาบาลเด็ก^nเล่ม 1 /^cโดยคณาจารย์ภาควิชาการพยาบาลกุมารเวชศาสตร์ คณะพยาบาลศาสตร์ มหาวิทยาลัยมหิดล ;^cศรีสมบูรณ์ มุสิกสุคนธ์...[และคนอื่นๆ]บรรณาธิการ
250    ^aพิมพ์ครั้งที่ 4 (ฉบับปรับปรุงครั้งที่ 2)
260    ^aกรุงเทพฯ :^bโครงการตำรา คระพยาบาลศาสตร์ มหาวิทยาลัยมหิดล,^c2558
300    ^a700หน้า:^bภาพประกอบ;^c30ซม.
650  0 ^aการพยาบาลกุมารเวชศาสตร์
650  0 ^aเด็ก^xการดูแล
650  0 ^aเด็ก^xการเลี้ยงดู
650  0 ^aทารกแรกเกิด^xการดูแล
700 0  ^aศรีสมบูรณ์ มุสิกสุคนธ์,^eบรรณาธิการ
945    ^p500^l0^i23564
945    ^p500^l0^i23565
945    ^p500^l0^i23566
999    ^aทศพร เกษรทอง
รายการนี้ยังไม่มีแท็ก
คุณยังไม่ได้ล็อกอิน คุณสามารถมีกิจกรรมร่วมกับเว็บไซต์ได้ แต่ต้องล็อกอินก่อน ::
  ล็อกอิน

รายการสื่อสารสนเทศ

ลำดับที่ ประเภท เลขเรียก/บาร์โค้ด สถานที่ สถานะ
1. Book การพยาบาล
Book การพยาบาล
สถานะ=หนังสือเก่า
WY159 ต367 ล.1 ฉ.1 
  Barcode: 23564
ห้องสมุดวิทยาเขตนครสวรรค์
►ส่วนจัดเก็บหนังสือเก่า นว.
บนชั้น
  ขอยืม
2. Book การพยาบาล
Book การพยาบาล
สถานะ=หนังสือเก่า
WY159 ต367 ล.1 ฉ.2 
  Barcode: 23565
ห้องสมุดวิทยาเขตนครสวรรค์
►ส่วนจัดเก็บหนังสือเก่า นว.
บนชั้น
  ขอยืม
3. Book การพยาบาล
Book การพยาบาล
สถานะ=หนังสือเก่า
WY159 ต367 ล.1 ฉ.3 
  Barcode: 23566
ห้องสมุดวิทยาเขตนครสวรรค์
►ส่วนจัดเก็บหนังสือเก่า นว.
บนชั้น
  ขอยืม

รายการใกล้เคียง
    หัวเรื่อง [การพยาบาลกุมารเวชศาสตร์]
    หัวเรื่อง [เด็ก การดูแล]

BibComment


ยังไม่เคยถูกคอมเมนท์

คอมเมนท์ทรัพยากรรายการนี้
  คอมเมนท์: ตำราการพยาบาลเด็..


 Copyright 2026. Bcnsprnw @Library